| 000 | 00453nam a22001817a 4500 | ||
|---|---|---|---|
| 003 | CEME | ||
| 005 | 20210628203411.0 | ||
| 008 | 210305b xxu||||| |||| 00| 0 eng d | ||
| 020 | _a81-7648-238-2 | ||
| 040 | _c. | ||
| 082 | _a928 SIN | ||
| 100 |
_aSingh, Naorem Khagendra _965205 |
||
| 245 | _aT.s eliot a reconsideration | ||
| 260 |
_aNEW DELHI _bA.P.H PUBLISHER _c2001 |
||
| 300 | _a289P | ||
| 650 |
_aENGLISH LITERATURE _9318 |
||
| 942 |
_cBK _2ddc |
||
| 999 |
_c573489 _d573489 |
||